[Event "Malopolska-ch"]
[Site "Krakow"]
[Date "2023.06.09"]
[Round "3"]
[White "Kozlowski, Franciszek"]
[Black "Hnatyshyn, Anastasiya"]
[Result "1/2-1/2"]
[WhiteElo "1900"]
[BlackElo "2127"]
[PlyCount "51"]
[EventDate "2023.06.08"]
[EventType "swiss"]
[EventRounds "7"]
[EventCountry "POL"]
[SourceTitle "CBM 214 Extra"]
[Source "ChessBase"]
[SourceDate "2023.07.31"]
[SourceVersion "1"]
[SourceVersionDate "2023.07.31"]
[SourceQuality "1"]

1. d4 d5 2. c4 e6 3. Nf3 Nf6 4. g3 Be7 5. Bg2 0-0 6. 0-0 dxc4 7. Qc2 a6 8. a4 Bd7 9. Ne5 Bc6 10. Nxc6 Nxc6 11. e3 Na5 12. Nd2 c5 13. dxc5 Rc8 14. b4 cxb3 15. Nxb3 Nd7 16. Nxa5 Qxa5 17. Bxb7 Rxc5 18. Qd2 Qc7 19. Bg2 Nb6 20. Ba3 Nc4 21. Qa2 Nxa3 22. Qxa3 a5 23. Rac1 Rd8 24. Rxc5 Qxc5 25. Qxc5 Bxc5 26. Rc1 1/2-1/2

[Event "EU-ch Blitz"]
[Site "Katowice"]
[Date "2022.12.16"]
[Round "2"]
[White "Kozlowski, Franciszek"]
[Black "Costachi, Mihnea"]
[Result "0-1"]
[WhiteElo "1835"]
[BlackElo "2476"]
[PlyCount "59"]
[EventDate "2022.12.16"]
[EventType "swiss (blitz)"]
[EventRounds "22"]
[EventCountry "POL"]
[SourceTitle "CBM 211 Extra"]
[Source "ChessBase"]
[SourceDate "2023.01.31"]
[SourceVersion "1"]
[SourceVersionDate "2023.01.31"]
[SourceQuality "1"]

1. d4 Nf6 2. Nf3 g6 3. c4 Bg7 4. e3 0-0 5. Nc3 d6 6. g3 b6 7. Bg2 Bb7 8. 0-0 Nbd7 9. b3 e5 10. d5 Ne8 11. Bb2 h6 12. Nd2 f5 13. Ne2 Nef6 14. e4 Nc5 15. exf5 gxf5 16. b4 Ncd7 17. Bh3 Nh7 18. f4 Bc8 19. fxe5 Nxe5 20. Qc2 Qg5 21. Nf4 a5 22. b5 Bd7 23. Rae1 Rae8 24. Ne6 Bxe6 25. dxe6 f4 26. Qb3 fxg3 27. Qxg3 Qxd2 28. Rxf8+ Nxf8 29. Bxe5 dxe5 30. Rxe5 0-1